000 00280nam a22001337a 4500
008 181009b xxu||||| |||| 00| 0 eng d
020 _a9780136792420
041 _aeng
080 _24th
_a574
100 _a9
101 _aMJE
245 _aSoils
_cSinger, M.J
942 _2udc
_cBK
999 _c49188
_d49188